Advanced calculus / (Record no. 1356)

MARC details
000 -LEADER
fixed length control field 01421cam a2200337 a 4500
005 - DATE AND TIME OF LATEST TRANSACTION
control field 20260322212057.0
008 - FIXED-LENGTH DATA ELEMENTS--GENERAL INFORMATION
fixed length control field data
010 ## - LIBRARY OF CONGRESS CONTROL NUMBER
LC control number 2011013023
020 ## - INTERNATIONAL STANDARD BOOK NUMBER
International Standard Book Number 9780486480909 (pbk.)
020 ## - INTERNATIONAL STANDARD BOOK NUMBER
International Standard Book Number 0486480909 (pbk.)
040 ## - CATALOGING SOURCE
Original cataloging agency DLC
Transcribing agency DLC
Modifying agency DLC
042 ## - AUTHENTICATION CODE
Authentication code pcc
050 00 - LIBRARY OF CONGRESS CALL NUMBER
Classification number QA303
Item number .N64 2011
082 00 - DEWEY DECIMAL CLASSIFICATION NUMBER
Classification number 515
Edition information 23
084 ## - OTHER CLASSIFICATION NUMBER
Classification number MAT005000
Number source bisacsh
092 ## - LOCALLY ASSIGNED DEWEY CALL NUMBER (OCLC)
Classification number 516.83 N64 2011
001 - CONTROL NUMBER
control field data
100 1# - MAIN ENTRY--PERSONAL NAME
Personal name Nickerson, H. K.
Dates associated with a name 1918-
Fuller form of name (Helen Kelsall),
245 10 - TITLE STATEMENT
Title Advanced calculus /
Statement of responsibility, etc. H. K. Nickerson, D. C. Spencer & Norman Earl Steenrod.
250 ## - EDITION STATEMENT
Edition statement Dover ed.
260 ## - PUBLICATION, DISTRIBUTION, ETC.
Place of publication, distribution, etc. Mineola, N.Y. :
Name of publisher, distributor, etc. Dover Publications,
Date of publication, distribution, etc. 2011.
300 ## - PHYSICAL DESCRIPTION
Extent ix, 540 p. :
Other physical details ill. ;
Dimensions 24 cm.
500 ## - GENERAL NOTE
General note Originally published: Princeton, N.J. : D. Van Nostrand, 1959.
504 ## - BIBLIOGRAPHY, ETC. NOTE
Bibliography, etc. note Includes bibliographical references.
520 ## - SUMMARY, ETC.
Summary, etc. "Classroom-tested in a Princeton University honors course, this text offers a unified introduction to advanced calculus. Starting with an abstract treatment of vector spaces and linear transforms, the authors present a corresponding theory of integration, concluding with a series of applications to analytic functions of complex variables. 1959 edition"--
Assigning source Provided by publisher.
650 #0 - SUBJECT ADDED ENTRY--TOPICAL TERM
Topical term or geographic name entry element Calculus.
650 #0 - SUBJECT ADDED ENTRY--TOPICAL TERM
Topical term or geographic name entry element Vector analysis.
650 #7 - SUBJECT ADDED ENTRY--TOPICAL TERM
Topical term or geographic name entry element MATHEMATICS / Calculus.
Source of heading or term bisacsh
700 1# - ADDED ENTRY--PERSONAL NAME
Personal name Spencer, D. C.
Dates associated with a name 1912-2001.
Fuller form of name (Donald Clayton),
700 1# - ADDED ENTRY--PERSONAL NAME
Personal name Steenrod, Norman Earl,
Dates associated with a name 1910-1971.
Holdings
Withdrawn status Lost status Damaged status Not for loan Home library Current library Shelving location Date acquired Total checkouts Full call number Barcode Date last seen Price effective from Koha item type
        Springfield Springfield General stacks 22/03/2026   515 23 BC0011401 22/03/2026 22/03/2026 Books